000
00286nam a2200121Ia 4500
008
190216s9999||||xx |||||||||||||| ||und||
100
_a
Reutov O
245
0
_a
Advances In Organometallic Chemistry
260
_b
Mir Publishers
_c
1984
300
_a
261
650
_a
Chemistry
942
_c
BK
999
_c
2753
_d
2753